Mecánica social o teoría del movimiento humano, considerado en su naturaleza, en sus efectos y en sus causas

Saved in:
Bibliografiske detaljer
Hovedforfatter: Caro, José Eusebio, 1817-1853
Andre forfattere: Vargas Arbeláez, Esther Juliana, Vargas Guillén, Germán, 1959-
Format: Bog
Sprog:Spanish
Udgivet: Bogotá : Instituto Caro y Cuervo, 2002.
Serier:Biblioteca colombiana ; 51
Fag:
Online adgang:Enlace del recurso
Tags: Tilføj Tag
Ingen Tags, Vær først til at tagge denne postø!

MARC

LEADER 00000cam a2200000 a 4500
001 C00713049c-5
003 OSt
005 20160905182430.0
008 040327s2002 ck r 00110dspa d
015 |a ck-2002-xxxx 
040 |c CO-BoIIE 
041 0 |a spa 
082 0 4 |a 146   |b C17m 
100 1 |a Caro, José Eusebio,   |d 1817-1853.  |9 1877 
245 1 0 |a Mecánica social o teoría del movimiento humano, considerado en su naturaleza, en sus efectos y en sus causas   |c José Eusebio Caro ; transcripción y notas Esther Juliana Vargas Arbeláez ; noticia preliminar Esther Juliana Vargas Arbeláez y Germán Vargas Guillén. 
260 |a Bogotá :   |b Instituto Caro y Cuervo,   |c 2002. 
300 |a 350 p. ;  
490 1 |a Biblioteca colombiana ;   |v 51 
600 1 4 |a Caro, José Eusebio,   |d 1817-1853.  |9 1877 
650 4 |a Mecanicismo.  |9 1878 
650 |a Filosofía moderna.  |9 1879 
650 4 |a Fenomenología.  |9 1632 
700 1 |a Vargas Arbeláez, Esther Juliana.  |9 1880 
700 1 |a Vargas Guillén, Germán,   |d 1959-  |9 1881 
942 |2 ddc  |c BK 
949 |a c   |b c 
999 |c 5108  |d 5108 
856 |u https://catalogo.idep.edu.co/cgi-bin/koha/opac-detail.pl?biblionumber=5108  |z Enlace del recurso